000 00501nam a2200145 4500
999 _c512619
_d512619
008 191204b ||||| |||| 00| 0 eng d
100 _aOberoi, Jappen
_914208
245 _aThe dichotomous integration of the migrants in the socio-political system in ancient India
260 _bResearch Journal Social Sciences
300 _a26(3), 2018: p.95-102.
650 _aHistory - Ancient India
_914209
773 _aResearch Journal Social Sciences
906 _aMigrants - India
942 _2ddc
_cAR